Tilastot visalle Suomalaiset yhtyeet - tunnista kuvista

Klikkaa tästä pelataksesi tätä visaa!

Yleistilastot

  • Tätä visaa on pelattu 345 kertaa
  • Keskiarvotulos 9 / 16

Vastaustilastot

Answer% Oikein
Lordi
98%
Haloo Helsinki
92%
PMMP
87%
Pertti Kurikan Nimipäivät
68%
HIM
63%
Apocalyptica
60%
Nightwish
59%
Neljä Ruusua
54%
Happoradio
52%
Kotiteollisuus
50%
Zen Cafe
32%
Children of Bodom
32%
Egotrippi
31%
Stratovarius
28%
Hurriganes
25%
Amorphis
21%

Tulosjakauma

Persentiili vastausten määrän mukaan

Jokaisen tuloksen saaneiden osuus

Tuloshistoriasi

Et ole pelannut tätä visaa